Упругое последействие при микросмещении: доклад на науч. конференции физиков, посвященной 25-летию СФТИ, янв.1954 г; Сибирский физико-технический ин-т. Труды; Вып. 34

Dettagli Bibliografici
Parent link:Сибирский физико-технический ин-т. Труды
Вып. 34.— 1955.— С. 80-84
Autore principale: Коняхин И. Р.
Lingua:russo
Pubblicazione: 1955
Soggetti:
Natura: Capitolo di libro
KOHA link:https://koha.lib.tpu.ru/cgi-bin/koha/opac-detail.pl?biblionumber=592091

MARC

LEADER 00000naa0a2200000 4500
001 592091
005 20250108172915.0
035 |a (RuTPU)RU\TPU\tpu\3373 
035 |a TPU00003373 
090 |a 592091 
100 |a 20011210d1955 k||y0rusy50 ca 
101 0 |a rus 
102 |a RU 
200 1 |a Упругое последействие при микросмещении  |e доклад на науч. конференции физиков, посвященной 25-летию СФТИ, янв.1954 г  |f И. Р. Коняхин 
461 |t Сибирский физико-технический ин-т. Труды 
463 |t Вып. 34  |v С. 80-84  |d 1955 
610 1 |a техника 
610 1 |a труды учёных ТПУ 
610 1 |a промышленность 
610 1 |a общетехнические дисциплины 
700 1 |a Коняхин  |b И. Р. 
801 0 |a RU  |b 63413507  |c 20011210  |g PSBO 
801 2 |a RU  |b 63413507  |c 20070207  |g PSBO 
942 |c CR